[Event "SRB-chT2 West"]
[Site "Arandjelovac"]
[Date "2018.10.06"]
[Round "10.4"]
[White "Lekic, Dusan"]
[Black "Minic, Miroslav"]
[Result "1-0"]
[WhiteElo "2363"]
[BlackElo "2078"]
[PlyCount "63"]
[EventDate "2018.09.07"]
[EventType "team-tourn"]
[EventRounds "11"]
[EventCountry "SRB"]
[SourceTitle "EXT 2021"]
[Source "ChessBase"]
[SourceDate "2020.10.23"]
[SourceVersion "1"]
[SourceVersionDate "2020.10.23"]
[SourceQuality "1"]
[WhiteTeam "Uzice Sloboda"]
[BlackTeam "Bajina Basta"]
[WhiteTeamCountry "SRB"]
[BlackTeamCountry "SRB"]

1. Nf3 d6 2. d4 f5 3. g3 g6 4. Bg2 Nf6 5. 0-0 Bg7 6. b3 0-0 7. Bb2 c6 8. Nbd2 Re8 9. a4 Nbd7 10. a5 a6 11. Nc4 d5 12. Nce5 Nxe5 13. Nxe5 Nd7 14. Qd3 Qc7 15. f4 Nxe5 16. dxe5 e6 17. Bd4 Qe7 18. c4 Bd7 19. b4 dxc4 20. Qxc4 Bf8 21. Bc5 Qf7 22. Rfd1 Bxc5+ 23. Qxc5 Rad8 24. Qb6 Rb8 25. Rd6 Rec8 26. Rad1 Be8 27. e3 Qe7 28. Bf1 Rc7 29. Rxe6 Qxe6 30. Qxc7 Rc8 31. Qxb7 c5 32. Bc4 1-0

[Event "SRB-chT2 West"]
[Site "Arandjelovac"]
[Date "2018.10.05"]
[Round "8.4"]
[White "Minic, Miroslav"]
[Black "Brajovic, Miroljub"]
[Result "1/2-1/2"]
[WhiteElo "2078"]
[BlackElo "2111"]
[PlyCount "46"]
[EventDate "2018.09.07"]
[EventType "team-tourn"]
[EventRounds "11"]
[EventCountry "SRB"]
[SourceTitle "EXT 2021"]
[Source "ChessBase"]
[SourceDate "2020.10.23"]
[SourceVersion "1"]
[SourceVersionDate "2020.10.23"]
[SourceQuality "1"]
[WhiteTeam "Bajina Basta"]
[BlackTeam "Prijepolje Priko"]
[WhiteTeamCountry "SRB"]
[BlackTeamCountry "SRB"]

1. e4 d5 2. exd5 Nf6 3. d4 Nxd5 4. Nf3 c6 5. c4 Nb6 6. Be2 Bg4 7. b3 g6 8. h3 Bxf3 9. Bxf3 Bg7 10. Bb2 0-0 11. 0-0 Na6 12. Na3 Qc7 13. Qe2 Rad8 14. Rad1 Rfe8 15. Rfe1 Rd7 16. Bg4 e6 17. Nc2 Red8 18. Ba1 Nc8 19. Bf3 Ne7 20. g4 Qa5 21. a3 Qg5 22. Qe3 Qxe3 23. fxe3 Nc7 1/2-1/2

[Event "SRB-chT2 West"]
[Site "Arandjelovac"]
[Date "2018.09.09"]
[Round "4.2"]
[White "Minic, Miroslav"]
[Black "Rikalovic, Milan"]
[Result "1-0"]
[WhiteElo "2078"]
[BlackElo "2047"]
[PlyCount "69"]
[EventDate "2018.09.07"]
[EventType "team-tourn"]
[EventRounds "11"]
[EventCountry "SRB"]
[SourceTitle "EXT 2021"]
[Source "ChessBase"]
[SourceDate "2020.10.23"]
[SourceVersion "1"]
[SourceVersionDate "2020.10.23"]
[SourceQuality "1"]
[WhiteTeam "Bajina Basta"]
[BlackTeam "Lipnicki Sor Sloga"]
[WhiteTeamCountry "SRB"]
[BlackTeamCountry "SRB"]

1. e4 e6 2. d3 d5 3. Nd2 Nf6 4. g3 dxe4 5. dxe4 e5 6. Bg2 Nc6 7. Ngf3 Bc5 8. 0-0 0-0 9. c3 a6 10. Qe2 Qe7 11. Nc4 b5 12. Ne3 Bxe3 13. Qxe3 h6 14. b3 Be6 15. Bb2 Rfd8 16. Rfd1 Rxd1+ 17. Rxd1 Rd8 18. Rd2 Rxd2 19. Nxd2 Nd7 20. Nf1 f6 21. Qe2 Qc5 22. Ne3 Ne7 23. Qd2 Nc6 24. Bf1 Nb6 25. Qd3 Qd6 26. Qxd6 cxd6 27. Ba3 Nc8 28. Nd5 Bxd5 29. exd5 Na5 30. Bh3 f5 31. Bxf5 Ne7 32. Be6+ Kf8 33. Bxd6 Nb7 34. Bxe5 Nd8 35. Bd6 1-0

[Event "SRB-chT2 West"]
[Site "Arandjelovac"]
[Date "2018.09.08"]
[Round "3.3"]
[White "Minic, Miroslav"]
[Black "Stankovic, Dragan B"]
[Result "0-1"]
[WhiteElo "2078"]
[BlackElo "2229"]
[PlyCount "56"]
[EventDate "2018.09.07"]
[EventType "team-tourn"]
[EventRounds "11"]
[EventCountry "SRB"]
[SourceTitle "EXT 2021"]
[Source "ChessBase"]
[SourceDate "2020.10.23"]
[SourceVersion "1"]
[SourceVersionDate "2020.10.23"]
[SourceQuality "1"]
[WhiteTeam "Bajina Basta"]
[BlackTeam "Smederevo"]
[WhiteTeamCountry "SRB"]
[BlackTeamCountry "SRB"]

1. e4 e5 2. Nc3 Nc6 3. Bc4 Nf6 4. d3 h6 5. Nge2 Bc5 6. h3 d6 7. Na4 Bb6 8. Nxb6 axb6 9. Be3 d5 10. exd5 Nxd5 11. Nc3 Nxe3 12. fxe3 Qh4+ 13. Kd2 0-0 14. Qf3 Be6 15. Bb3 Bxb3 16. axb3 Rxa1 17. Rxa1 f5 18. Nd5 f4 19. e4 Nd4 20. Qf1 f3 21. g4 Qg5+ 22. Kd1 f2 23. Ra4 c6 24. Nxb6 Qe3 25. Nc4 Qf3+ 26. Kd2 b5 27. Nxe5 Qf4+ 28. Kc3 Ne2+ 0-1

[Event "Goracici Dragacevo op"]
[Site "Goracici"]
[Date "2015.05.24"]
[Round "1"]
[White "Minic, Miroslav"]
[Black "Bogosavljevic, Boban"]
[Result "0-1"]
[WhiteElo "2104"]
[BlackElo "2510"]
[PlyCount "90"]
[EventDate "2015.05.24"]
[EventType "swiss"]
[EventRounds "9"]
[EventCountry "SRB"]
[SourceTitle "CBM 166 Extra"]
[Source "ChessBase"]
[SourceDate "2015.06.18"]
[SourceVersion "1"]
[SourceVersionDate "2015.06.18"]
[SourceQuality "1"]

1. e4 c5 2. Nf3 Nc6 3. Bb5 d6 4. 0-0 Bd7 5. c3 Nf6 6. Re1 a6 7. Ba4 c4 8. d4 cxd3 9. Qxd3 g6 10. Bg5 Bg7 11. Nbd2 0-0 12. Rad1 Ne5 13. Qc2 Bxa4 14. Qxa4 Nd3 15. Qb3 Nxe1 16. Nxe1 b5 17. f3 Qb6+ 18. Kh1 h6 19. Bh4 g5 20. Bg3 Nh5 21. Nd3 Nxg3+ 22. hxg3 Rac8 23. Nb4 e6 24. Kh2 Rfd8 25. Nf1 a5 26. Nc2 Qc5 27. Nce3 a4 28. Qc2 a3 29. bxa3 Qxa3 30. Qe2 Qa4 31. Rb1 Rc5 32. Nd1 Ra8 33. Rb2 Qc4 34. Qxc4 bxc4 35. Nfe3 h5 36. Rb4 Rxa2 37. Nxc4 Ra6 38. Nde3 Bxc3 39. Rb8+ Kg7 40. Rd8 Bd4 41. f4 Bxe3 42. Nxe3 Ra3 43. Nd1 d5 44. Nf2 Rc2 45. Nh3 Raa2 0-1

[Event "SRB-CupT Central Serbia"]
[Site "Serbia"]
[Date "2014.05.03"]
[Round "6.10"]
[White "Minic, Miroslav"]
[Black "Tojagic, Dane"]
[Result "1/2-1/2"]
[WhiteElo "2059"]
[BlackElo "2270"]
[PlyCount "21"]
[EventDate "2014.03.23"]
[EventType "team"]
[EventRounds "8"]
[EventCountry "SRB"]
[SourceTitle "EXT 2015"]
[Source "ChessBase"]
[SourceDate "2014.11.20"]
[SourceVersion "1"]
[SourceVersionDate "2014.11.20"]
[SourceQuality "1"]

1. e4 e5 2. Nc3 Nf6 3. f4 d5 4. fxe5 Nxe4 5. d3 Bb4 6. dxe4 Qh4+ 7. Ke2 Bxc3 8. bxc3 Bg4+ 9. Nf3 dxe4 10. Qd4 Bh5 11. Ke3 1/2-1/2

[Event "SRB-chT"]
[Site "Vrnjacka Banja"]
[Date "2012.09.30"]
[Round "2.2"]
[White "Minic, Miroslav"]
[Black "Vucicevic, Moma"]
[Result "1/2-1/2"]
[WhiteElo "2058"]
[BlackElo "2313"]
[PlyCount "40"]
[EventDate "2012.09.29"]
[EventType "team-tourn"]
[EventRounds "11"]
[EventCountry "SRB"]
[SourceTitle "CBM 150 Extra"]
[Source "ChessBase"]
[SourceDate "2012.10.19"]
[SourceVersion "1"]
[SourceVersionDate "2012.10.19"]
[SourceQuality "1"]
[WhiteTeam "Uzice Sloboda"]
[BlackTeam "Kraljevo Sloga"]
[WhiteTeamCountry "SRB"]
[BlackTeamCountry "SRB"]

1. e4 e5 2. Nc3 Nf6 3. f4 d5 4. fxe5 Nxe4 5. d3 Nxc3 6. bxc3 c5 7. Nf3 Nc6 8. Be2 Be7 9. 0-0 0-0 10. d4 c4 11. Bf4 Bf5 12. Qd2 b5 13. a4 b4 14. cxb4 Nxb4 15. Ne1 Qd7 16. c3 Nc6 17. Nc2 Be6 18. Ne3 f6 19. exf6 Rxf6 20. Bg3 Rxf1+ 1/2-1/2

[Event "Paracin op 3rd"]
[Site "Paracin"]
[Date "2010.07.09"]
[Round "1"]
[White "Andrijevic, Milan"]
[Black "Minic, Miroslav"]
[Result "1-0"]
[WhiteElo "2375"]
[BlackElo "2048"]
[PlyCount "86"]
[EventDate "2010.07.09"]
[EventType "swiss"]
[EventRounds "9"]
[EventCountry "YUG"]
[SourceTitle "CBM 137 Extra"]
[Source "ChessBase"]
[SourceDate "2010.09.01"]
[SourceVersion "1"]
[SourceVersionDate "2010.09.01"]
[SourceQuality "1"]

1. e4 e5 2. Nf3 Nf6 3. Nxe5 d6 4. Nf3 Nxe4 5. d3 Nf6 6. d4 d5 7. c4 Bg4 8. Nc3 Bb4 9. Be2 0-0 10. 0-0 dxc4 11. Qa4 Qe7 12. Bxc4 Bxf3 13. gxf3 c6 14. Qb3 Rd8 15. Bg5 b5 16. Bd3 Rxd4 17. Rfe1 Qd6 18. Bxf6 gxf6 19. Re8+ Kg7 20. Be4 Qd7 21. Ne2 Rc4 22. Rxb8 Rxb8 23. Ng3 Rg8 24. Kh1 Kh8 25. Nf5 Qe6 26. Qd3 Ba5 27. Rg1 Bc7 28. Rxg8+ Kxg8 29. Qf1 Bf4 30. Qh3 Rc1+ 31. Kg2 Qc4 32. Qg4+ Bg5 33. Ne3 Qe6 34. Qg3 Kf8 35. Qb8+ Qe8 36. Qd6+ Qe7 37. Qb8+ Qe8 38. Qd6+ Kg8 39. Nf5 Rc4 40. Ne7+ Kg7 41. h4 Bc1 42. Nf5+ Kg6 43. h5+ Kxh5 1-0

[Event "SRB-chT 1st League"]
[Site "Vrnjacka Banja"]
[Date "2007.10.07"]
[Round "5.2"]
[White "Minic, Miroslav"]
[Black "Jokovic, Dragan"]
[Result "0-1"]
[WhiteElo "2086"]
[BlackElo "2164"]
[PlyCount "115"]
[EventDate "2007.09.08"]
[EventType "team"]
[EventRounds "11"]
[EventCountry "SRB"]
[SourceTitle "EXT 2012"]
[Source "ChessBase"]
[SourceDate "2011.11.24"]
[SourceVersion "1"]
[SourceVersionDate "2011.11.24"]
[SourceQuality "1"]
[WhiteTeam "Sloboda Uzice"]
[BlackTeam "Smederevska Palanka Jasenica"]
[WhiteTeamCountry "SRB"]
[BlackTeamCountry "SRB"]

1. e4 c5 2. Nf3 Nc6 3. Bb5 d6 4. 0-0 Bd7 5. c3 a6 6. Ba4 b5 7. Bc2 e5 8. d4 Nf6 9. Re1 Bg4 10. d5 Na5 11. Nbd2 Be7 12. b4 Nb7 13. a4 c4 14. Nf1 0-0 15. h3 Bxf3 16. Qxf3 Qd7 17. Ng3 g6 18. Bg5 Kg7 19. Qe3 Ng8 20. Bxe7 Nxe7 21. Ra2 a5 22. Rea1 bxa4 23. Rxa4 Qc7 24. h4 f6 25. Bd1 Nc8 26. bxa5 Rxa5 27. Be2 Rxa4 28. Rxa4 Nb6 29. Rb4 Nc5 30. Bxc4 Ra8 31. Bb5 Rf8 32. Bc6 Nc8 33. Ba4 Ne7 34. c4 Qa5 35. Qa3 Ra8 36. Kh2 Ra7 37. h5 Nxa4 38. h6+ Kxh6 39. Rb5 Qc7 40. Qf3 Kg7 41. Nf1 Nc5 42. Ne3 Qd7 43. Rb8 Rb7 44. Ra8 Rc7 45. Qg3 Nxe4 46. Qh4 Ng5 47. f4 exf4 48. Qxf4 Nf5 49. Nxf5+ gxf5 50. Ra6 Qe7 51. Rc6 Rd7 52. Qxf5 Qe5+ 53. Qxe5 fxe5 54. Kg3 Kf6 55. Rc8 Nf7 56. Kg4 Re7 57. Kf3 h5 58. Ke3 0-1

[Event "SRB-chT 1st League"]
[Site "Vrnjacka Banja"]
[Date "2007.09.29"]
[Round "4.1"]
[White "Minic, Miroslav"]
[Black "Milosavljevic, Zoran"]
[Result "0-1"]
[WhiteElo "2086"]
[BlackElo "2185"]
[PlyCount "140"]
[EventDate "2007.09.08"]
[EventType "team"]
[EventRounds "11"]
[EventCountry "SRB"]
[SourceTitle "EXT 2012"]
[Source "ChessBase"]
[SourceDate "2011.11.24"]
[SourceVersion "1"]
[SourceVersionDate "2011.11.24"]
[SourceQuality "1"]
[WhiteTeam "Sloboda Uzice"]
[BlackTeam "Novi Pazar INA Dizajn"]
[WhiteTeamCountry "SRB"]
[BlackTeamCountry "SRB"]

1. e4 c5 2. Nf3 Nc6 3. Bb5 Qc7 4. 0-0 e6 5. c3 a6 6. Ba4 c4 7. d4 cxd3 8. Qxd3 d6 9. Bf4 e5 10. Be3 Nf6 11. Nbd2 Be7 12. Bb3 Na5 13. Bc2 Be6 14. Ng5 Bd7 15. a4 h6 16. Ngf3 Be6 17. b4 Nc4 18. Bb3 Rc8 19. Rac1 Qc6 20. Nxc4 Bxc4 21. Qxc4 Qxc4 22. Bxc4 Rxc4 23. Nd2 Rc7 24. c4 0-0 25. f3 Rfc8 26. b5 Nd7 27. Kf2 Bg5 28. Rfd1 Nc5 29. Bxc5 Rxc5 30. Ra1 Kf8 31. Nb3 Rxc4 32. bxa6 bxa6 33. Rxd6 Rb8 34. Rd3 Bf4 35. Ra2 Rcb4 36. Nc5 Rb2+ 37. Rxb2 Rxb2+ 38. Kf1 Bxh2 39. Nxa6 Bg3 40. Rd1 Rf2+ 41. Kg1 Ra2 42. Nb4 Rxa4 43. Nd5 g6 44. Rb1 Kg7 45. Kf1 Ra2 46. Rc1 h5 47. Rb1 Rd2 48. Ra1 f5 49. Ra7+ Kh6 50. Ne7 Rf2+ 51. Kg1 Re2 52. Ra1 fxe4 53. Kf1 Rf2+ 54. Kg1 exf3 55. gxf3 Rxf3 56. Ra6 Bh4 57. Rxg6+ Kh7 58. Re6 Rg3+ 59. Kh1 Rg5 60. Ng6 Rxg6 61. Rxe5 Kh6 62. Rb5 Bg5 63. Kg2 h4 64. Rb3 Kh5 65. Kh3 Re6 66. Ra3 Re5 67. Rb3 Bf4 68. Ra3 Rg5 69. Ra4 Rg3+ 70. Kh2 Kg4 0-1

[Event "SRB-chT 1st League"]
[Site "Vrnjacka Banja"]
[Date "2007.??.??"]
[Round "11.6"]
[White "Minic, Miroslav"]
[Black "Jovanovic, Drasko"]
[Result "0-1"]
[WhiteElo "2086"]
[BlackElo "2250"]
[PlyCount "72"]
[EventDate "2007.09.08"]
[EventType "team"]
[EventRounds "11"]
[EventCountry "SRB"]
[SourceTitle "EXT 2012"]
[Source "ChessBase"]
[SourceDate "2011.11.24"]
[SourceVersion "1"]
[SourceVersionDate "2011.11.24"]
[SourceQuality "1"]
[WhiteTeam "Sloboda Uzice"]
[BlackTeam "Smederevski"]
[WhiteTeamCountry "SRB"]
[BlackTeamCountry "SRB"]

1. e4 c5 2. Nf3 Nc6 3. Bb5 g6 4. 0-0 Bg7 5. c3 e5 6. Re1 Nge7 7. d3 0-0 8. Be3 d6 9. d4 cxd4 10. cxd4 Bg4 11. d5 Bxf3 12. Qxf3 Qa5 13. Qe2 Nd4 14. Bxd4 exd4 15. Nd2 a6 16. Bd3 Rfe8 17. Nc4 Qc5 18. Rac1 Nxd5 19. Qg4 Nb4 20. Bb1 Bh6 21. f4 d3+ 22. Kh1 b5 23. Nd2 Qf2 24. Rcd1 Nc2 25. Rf1 Qe2 26. Qh3 Bxf4 27. Nb3 Ne3 28. Bxd3 Qh5 29. Qxh5 gxh5 30. Nd4 Nxd1 31. Rxd1 Rac8 32. a4 Be5 33. Nf5 bxa4 34. Bxa6 Rc2 35. Bb5 Ra8 36. Kg1 Bxb2 0-1